Government : (Record no. 36501)
[ view plain ]
| 000 -LEADER | |
|---|---|
| fixed length control field | 00956nam a2200253u 4500 |
| 001 - CONTROL NUMBER | |
| control field | 36501 |
| 003 - CONTROL NUMBER IDENTIFIER | |
| rucl marc code | BD-RjUL |
| 005 - DATE AND TIME OF LATEST TRANSACTION | |
| control field | 20211209052509.0 |
| 008 - FIXED-LENGTH DATA ELEMENTS--GENERAL INFORMATION | |
| fixed length control field | 140624s1928 nyuaf 001 0 eng |
| 035 ## - SYSTEM CONTROL NUMBER | |
| System control number | (BD-RjUL)36601 |
| 040 ## - CATALOGING SOURCE | |
| Original cataloging agency | DLC |
| Transcribing agency | CarP |
| Modifying agency | DLC |
| -- | BD-RjUL |
| Language of cataloging | eng |
| 041 ## - LANGUAGE CODE | |
| Language code of text/sound track or separate title | eng |
| 082 ## - DEWEY DECIMAL CLASSIFICATION NUMBER | |
| Classification number | 321.04 |
| Author mark and year | RUG 1928 |
| 100 1# - MAIN ENTRY--PERSONAL NAME | |
| Personal name | Rutherford, J. F. |
| Fuller form of name | (Joseph Franklin), |
| Dates associated with a name | 1869-1942. |
| 9 (RLIN) | 94450 |
| 245 10 - TITLE STATEMENT | |
| Title | Government : |
| Remainder of title | the indisputable evidence showing that the peoples of earth shall have a righteous government and explaining the manner of its establishment / |
| Statement of responsibility, etc. | J. F. Rutherford |
| 260 ## - PUBLICATION, DISTRIBUTION, ETC. (IMPRINT) | |
| Place of publication, distribution, etc. | Brooklyn, N.Y. : |
| Name of publisher, distributor, etc. | International Bible students association, Watch tower Bible and tract society, |
| Date of publication, distribution, etc. | c1928. |
| 300 ## - PHYSICAL DESCRIPTION | |
| Pagination | 3 p.l., 9-363 p. : |
| Illustrations | ill. ; |
| Size | 19 cm. |
| 504 ## - BIBLIOGRAPHY, ETC. NOTE | |
| Bibliography, etc | Includes index. |
| 650 #0 - SUBJECT ADDED ENTRY--TOPICAL TERM | |
| Topical term or geographic name as entry element | Theocracy |
| 9 (RLIN) | 99109 |
| Topical term or geographic name as entry element | Jehovah's witnesses. [from old catalog] |
| 9 (RLIN) | 111129 |
| 942 ## - ADDED ENTRY ELEMENTS (KOHA) | |
| Source of classification or shelving scheme | Dewey Decimal Classification |
| Koha item type | Books |
| Lost status | Source of classification or shelving scheme | Damaged status | Not for loan | Collection code | Permanent Location | Current Location | Shelving location | Date acquired | Source of acquisition | Cost, normal purchase price | Total Checkouts | Full call number | Date last seen | Copy number | Koha item type |
|---|---|---|---|---|---|---|---|---|---|---|---|---|---|---|---|
| Dewey Decimal Classification | Not For Loan | Non-fiction | Central Library, University of Rajshahi | Central Library, University of Rajshahi | Reading Room | 16/01/1963 | A. I. Quarasi | 0.00 | 321.04 RUG 1928 | 24/06/2014 | C-1 | Books |